00500nam a2200145Ia 4500008004100000041000800041082001700049100002300066245004500089260003700134300003300171365000900204999001500213952012600228240624s9999 xx 000 0 und d aeng a658.4092 HES aHESSELBEIN FRANCES aLEADER OF THE FUTURE 2 VISIONS STRATEGIE c2006aSan FranciscobJossey-Bass axviii, : 318 : p. : cm. ; 24 cb28 c7382d7382 00104070aIMTNbIMTNcRack 30-Bd2007-11-20eBWEg27.95o658.4092 HESp7382r2024-06-24 00:00:00t39.08w2024-06-24yBK